书目信息 |
| 题名: |
康乾豪门福康安世家
|
|
| 作者: | 张明富 著 | |
| 分册: | ||
| 出版信息: | 长春 吉林人民出版社 2005 |
|
| 页数: | 244页 | |
| 开本: | 21cm | |
| 丛书名: | 中国历代名门世家丛书 | |
| 单 册: | ||
| 中图分类: | K820.949 | |
| 科图分类: | ||
| 主题词: | 历史人物--传记--中国--清代 , 历史人物 | |
| 电子资源: | ||
| ISBN: | 7-206-02673-7 | |
| 000 | 00976oam2 2200301 45 | |
| 001 | 0120052035 | |
| 005 | 20070709085502.48 | |
| 010 | @a7-206-02673-7@dCNY20.00 | |
| 092 | @aCN@b105738 | |
| 100 | @a20050906d2005 em y0chiy0121 ea | |
| 101 | 0 | @achi |
| 102 | @aCN@b220000 | |
| 105 | @ay z 000yb | |
| 200 | 1 | @a康乾豪门福康安世家@Akang qian hao men fu kang an shi jia@f张明富著@Fzhang ming fu zhu |
| 205 | @a2版 | |
| 210 | @a长春@c吉林人民出版社@d2005 | |
| 215 | @a244页@d21cm | |
| 225 | 2 | @a中国历代名门世家丛书 |
| 330 | @a本书通过一些相关的事例介绍了福康安家族的一些发展、兴旺、衰败,包括“富察五代有功清廷”、“乾隆朝福康安封疆”、“福康安西南安边”等。 | |
| 461 | 0 | @12001 @a中国历代名门世家丛书 |
| 602 | @a福氏家族@x传记@z清代 | |
| 602 | @a福氏家族 | |
| 606 | 0 | @a历史人物@x传记@y中国@z清代 |
| 606 | 0 | @a历史人物 |
| 690 | @aK820.949@v4 | |
| 701 | 0 | @a张明富@Azhang ming fu@4著 |
| 801 | 0 | @aCN@bLZJBOOK@c20070709 |
| 905 | @a10447@dK820.949@e101=2 | |
| 康乾豪门福康安世家/张明富著.-2版.-长春:吉林人民出版社,2005 |
| 244页;21cm.-(中国历代名门世家丛书) |
| ISBN 7-206-02673-7:CNY20.00 |
| 本书通过一些相关的事例介绍了福康安家族的一些发展、兴旺、衰败,包括“富察五代有功清廷”、“乾隆朝福康安封疆”、“福康安西南安边”等。 |
| ● |
| 相关链接 |
|
|
|
|
正题名:康乾豪门福康安世家
索取号:K820.949/101=2
 
预约/预借
| 序号 | 登录号 | 条形码 | 馆藏地/架位号 | 状态 | 备注 |
| 1 | 0553889 | 205538890 | 第二样本阅览室/ [索取号:K820.949/101=2] | 在馆 | |
| 2 | 0553890 | 205538907 | 第二借阅区/ [索取号:K820.949/101=2] | 在馆 | |
| 3 | 0553891 | 205538916 | 第二借阅区/ [索取号:K820.949/101=2] | 在馆 | |
| 4 | 0553892 | 205538925 | 第二借阅区/ [索取号:K820.949/101=2] | 在馆 | |
| 5 | 0553893 | 205538934 | 第二借阅区/ [索取号:K820.949/101=2] | 在馆 | |
| 6 | 0553894 | 205538943 | 第二借阅区/ [索取号:K820.949/101=2] | 在馆 | |
| 7 | 0553895 | 205538952 | 第二借阅区/ [索取号:K820.949/101=2] | 在馆 | |
| 8 | 0553896 | 205538961 | 第二借阅区/ [索取号:K820.949/101=2] | 在馆 |